| 000 | 00590nam a2200229 a 4500 | ||
|---|---|---|---|
| 005 | 20210223123810.0 | ||
| 008 | 991125n 000 0 eng u | ||
| 035 | _aUPN01000066860 | ||
| 100 | 1 |
_aKohn, Alfie _940847 |
|
| 222 | _aPHI DELTA KAPPAN | ||
| 245 | _aCaring kids : the role of the schools | ||
| 300 | _a496-506 | ||
| 362 | _a1991 72, No. 7 | ||
| 505 | _aJulio 1991 | ||
| 653 | 0 | _aEFECTOS DEL CONTEXTO | |
| 653 | 0 | _aEMPATIA | |
| 653 | 0 | _aRELACION DE AYUDA | |
| 653 | 0 | _aRESPONSABILIDAD SOCIAL | |
| 653 | 0 | _aVALORES MORALES | |
| 904 |
_aAC _b004671 |
||
| 905 | _aArticulo | ||
| 999 |
_c63702 _d63702 |
||